Иностранный язык (английский). Модуль 2: электронный курс

Detalles Bibliográficos
Autor Principal: Коваленко Н. А. Наталья Александровна
Autor Corporativo: Национальный исследовательский Томский политехнический университет (ТПУ) Институт социально-гуманитарных технологий (ИСГТ) Кафедра иностранных языков (ИЯСГТ)
Summary:Заглавие с экрана
В курсе "Иностранный язык (английский), 2 семестр" рассматриваются следующие разделы дисциплины «Иностранный язык (английский)»: "Путешествие и туризм", "Популярные развлечения", "Отношения и социальные проблемы". Курс является частью профессионального цикла дисциплин подготовки бакалавров по направлениям: 080100 Экономика, 080500 Менеджмент, 220600 Инноватика, 080200 «Менеджмент, 034300 Физическая культура, 080505 Управление персоналом , 032000 Зарубежное регионоведение и по подготовке дипломированных специалистов по направлениям: 036401 Таможенное дело, 032301 Регионоведение. Форма обучения: очная. Дисциплина «Иностранный язык (английский)» реализуется на базе кафедры «Иностранных языков» Института социально гуманитарных технологий Томского политехнического университета. Особое внимание уделяется работе с лексическими единицами по теме «Путешествия». Расширяются знания в области страноведения, сравниваются различные виды транспорта. Студенты знакомятся с лексикой по теме (музыкальные направления, виды кинофильмов, поход в кино, театр), учатся грамотно писать рецензию к фильмам. В курсе предусмотрена актуализация лексики по теме «Отношения и социальные проблемы» (дружба, любовь, семья, брак). Студенты обсуждают проблемы взаимоотношений отцов и детей.
Доступ по логину и паролю
Idioma:ruso
Publicado: Томск, TPU Moodle, 2014
Subjects:
Acceso en liña:https://design.lms.tpu.ru/course/view.php?id=279
Formato: MixedMaterials Electrónico Libro
KOHA link:https://koha.lib.tpu.ru/cgi-bin/koha/opac-detail.pl?biblionumber=665272

MARC

LEADER 00000nlm0a2200000 4500
001 665272
005 20240222164223.0
035 |a (RuTPU)RU\TPU\network\36471 
035 |a RU\TPU\network\36470 
090 |a 665272 
100 |a 20210908d2014 m y0rusy50 ca 
101 0 |a rus 
102 |a RU 
105 |a a j 000zy 
135 |a jrcn ---uucaa 
181 0 |a i  
182 0 |a b 
200 1 |a Иностранный язык (английский). Модуль 2  |e электронный курс  |f Н. А. Коваленко  |g Национальный исследовательский Томский политехнический университет (ТПУ), Институт социально-гуманитарных технологий (ИСГТ), Кафедра иностранных языков (ИЯСГТ) 
203 |a Текст  |c электронный 
210 |a Томск  |c TPU Moodle  |d 2014 
300 |a Заглавие с экрана 
330 |a В курсе "Иностранный язык (английский), 2 семестр" рассматриваются следующие разделы дисциплины «Иностранный язык (английский)»: "Путешествие и туризм", "Популярные развлечения", "Отношения и социальные проблемы". Курс является частью профессионального цикла дисциплин подготовки бакалавров по направлениям: 080100 Экономика, 080500 Менеджмент, 220600 Инноватика, 080200 «Менеджмент, 034300 Физическая культура, 080505 Управление персоналом , 032000 Зарубежное регионоведение и по подготовке дипломированных специалистов по направлениям: 036401 Таможенное дело, 032301 Регионоведение. Форма обучения: очная. Дисциплина «Иностранный язык (английский)» реализуется на базе кафедры «Иностранных языков» Института социально гуманитарных технологий Томского политехнического университета. Особое внимание уделяется работе с лексическими единицами по теме «Путешествия». Расширяются знания в области страноведения, сравниваются различные виды транспорта. Студенты знакомятся с лексикой по теме (музыкальные направления, виды кинофильмов, поход в кино, театр), учатся грамотно писать рецензию к фильмам. В курсе предусмотрена актуализация лексики по теме «Отношения и социальные проблемы» (дружба, любовь, семья, брак). Студенты обсуждают проблемы взаимоотношений отцов и детей. 
333 |a Доступ по логину и паролю 
606 1 |a Английский язык  |x Учебные руководства и пособия  |x Учебные руководства и пособия для высшей школы  |2 stltpush  |3 (RuTPU)RU\TPU\subj\29071  |9 52483 
610 1 |a электронный ресурс 
610 1 |a труды учёных ТПУ 
610 1 |a электронное обучение 
610 1 |a электронные курсы ТПУ 
610 1 |a электронные учебные пособия 
610 1 |a учебные пособия 
610 1 |a дистанционное образование 
610 1 |a дистанционное обучение 
610 1 |a e-learning 
610 1 |a путешествия 
610 1 |a туризм 
610 1 |a транспортные средства 
610 1 |a развлечения 
610 1 |a отношение 
610 1 |a семья 
686 |a Ш143.21-923  |2 rubbk 
700 1 |a Коваленко  |b Н. А.  |c лингвист  |c старший преподаватель Томского политехнического университета  |f 1981-  |g Наталья Александровна  |3 (RuTPU)RU\TPU\pers\31946  |9 16015 
712 0 2 |a Национальный исследовательский Томский политехнический университет (ТПУ)  |b Институт социально-гуманитарных технологий (ИСГТ)  |b Кафедра иностранных языков (ИЯСГТ)  |3 (RuTPU)RU\TPU\col\18376 
801 2 |a RU  |b 63413507  |c 20210908  |g RCR 
856 4 |u https://design.lms.tpu.ru/course/view.php?id=279 
942 |c CF